El Estado del cooperativismo en Guatemala /
Se presenta un análisis de las cooperativas en Guatemala, así como de la tipología de las mismas y sus influencias en el país.
Furkejuvvon:
| Searvvušdahkki: | |
|---|---|
| Materiálatiipa: | Texto |
| Giella: | Spanish |
| Almmustuhtton: |
San José, Costa Rica:
Alianza Cooperativa Internacional
1992
|
| Fáttát: | |
| Fáddágilkorat: |
Lasit fáddágilkoriid
Eai fáddágilkorat, Lasit vuosttaš fáddágilkora!
|
MARC
| LEADER | 00000 a a2200000 04500 | ||
|---|---|---|---|
| 001 | 5712 | ||
| 003 | cru CIDCACS/IIS | ||
| 005 | 20230612110505.0 | ||
| 008 | 230612e1992 cr ||||| |||| 00| 0 spa d | ||
| 040 | |c CRAI/IIS | ||
| 090 | |a 03.03.04 A398c | ||
| 110 | 1 | |9 7390 |a Alianza Cooperativa Internacional | |
| 245 | |a El Estado del cooperativismo en Guatemala / |c Alianza Cooperativa Internacional | ||
| 260 | |a San José, Costa Rica: |b Alianza Cooperativa Internacional |c 1992 | ||
| 300 | |a 59 páginas | ||
| 520 | |a Se presenta un análisis de las cooperativas en Guatemala, así como de la tipología de las mismas y sus influencias en el país. | ||
| 650 | |a COOPERATIVAS AGRICOLAS |0 TESAUROS | ||
| 650 | |a COOPERATIVAS DE CONSUMO |0 TESAUROS | ||
| 650 | |a COOPERATIVAS DE CREDITO |0 TESAUROS | ||
| 650 | |a COOPERATIVAS DE PRODUCCION |0 TESAUROS | ||
| 650 | |a COOPERATIVAS INDUSTRIALES |0 TESAUROS | ||
| 650 | |a SECTOR AGROPECUARIO |0 TESAUROS | ||
| 650 | |a CONDICIONES DE VIDA |0 TESAUROS | ||
| 650 | |a POBREZA |0 TESAUROS | ||
| 650 | |a MOVIMIENTOS SOCIALES |0 TESAUROS | ||
| 650 | |a TENENCIA DE LA TIERRA |0 TESAUROS | ||
| 650 | |a REFORMA AGRARIA |0 TESAUROS | ||
| 650 | |a EXPORTACIONES |0 TESAUROS | ||
| 773 | |g número 10; páginas 59-80 | ||
| 942 | |2 ddc |c LITG |h 03.03.04 A398c |i 05296 |6 030304_A398C_05296 | ||
| 999 | |c 45065 |d 45065 | ||
